Cancionero infantil (Record no. 39524)

MARC details
000 -LEADER
campo de control de longitud fija 00713nam a2200205 i 4500
001 - NÚMERO DE CONTROL
campo de control 39524
003 - IDENTIFICADOR DE NÚMERO DE CONTROL
campo de control ES-MaACL
005 - FECHA Y HORA DE LA ÚLTIMA TRANSACCIÓN
campo de control 20250610143101.0
007 - CAMPO FIJO DE DESCRIPCIÓN FÍSICA--INFORMACIÓN GENERAL
campo de control de longitud fija t|
008 - DATOS DE LONGITUD FIJA--INFORMACIÓN GENERAL
campo de control de longitud fija 030303s1964 sp ||||1| spa d
245 00 - MENCIÓN DEL TÍTULO
Título Cancionero infantil
Resto del título : (antología) /
Mención de responsabilidad, etc. [realizó la recopilación, selección y notas musicales Bonifacio Gil].
260 ## - PUBLICACIÓN, DISTRIBUCIÓN, ETC.
Lugar de publicación, distribución, etc. Madrid :
Nombre del editor, distribuidor, etc. Taurus,
Fecha de publicación, distribución, etc. 1964.
300 ## - DESCRIPCIÓN FÍSICA
Extensión 163 p. ;
Dimensiones 18 cm.
490 1# - MENCIÓN DE SERIE
Mención de serie Ser y tiempo. Temas de nuestro tiempo ;
Designación de volumen o secuencia 25
650 #4 - PUNTO DE ACCESO ADICIONAL DE MATERIA--TÉRMINO DE MATERIA
Término de materia o nombre geográfico como elemento de entrada Canciones infantiles-
Subdivisión geográfica España.
9 (RLIN) 163536
700 1# - ENTRADA AGREGADA--NOMBRE PERSONAL
Nombre de persona Gil, Bonifacio,
Fechas asociadas al nombre 1898-1964
9 (RLIN) 56719
830 0# - PUNTO DE ACCESO ADICIONAL DE SERIE-TÍTULO UNIFORME
Título uniforme Ser y tiempo. Temas de nuestro tiempo ;
Designación de volumen o secuencia 25
9 (RLIN) 229707
852 ## - LOCALIZACIÓN
Ubicación ES-MaACL
Número de control de estantería C-25509
Sublocalización o colección R.54006
Holdings
Estatus retirado Estado de pérdida Estado de daño No para préstamo Biblioteca de origen Biblioteca actual Ubicación en estantería Fecha de adquisición Fuente de adquisición Total de préstamos Signatura topográfica completa Código de barras Visto por última vez Precio de reemplazo Tipo de ítem Koha
        Biblioteca del Ateneo de Madrid Biblioteca del Ateneo de Madrid Depósito 2 17/01/2008     C-25509 1041624 23/02/2023 23/02/2023 Libro impreso